[Event "POHÁR města Říčany 2022"]
[Site "Městské kulturní středisko U labutě"]
[Date "2022.08.30"]
[Round "5.42"]
[White "Markina, Sofiia"]
[Black "Kubicek, Daniel"]
[Result "0-1"]
[WhiteElo "1551"]
[BlackElo "1364"]
[PlyCount "0"]
[EventDate "2022.08.27"]

1. e4 e5 2. Nf3 Nc6 3. Bc4 Nf6 4. d3 Bc5 5. c3 d5 6. exd5 Nxd5 7. O-O O-O 8. b4
Be7 9. h3 Bf6 10. Re1 e4 11. Bxd5 exf3 12. Bxf3 Nxb4 13. d4 Nd5 14. Bb2 c6
15. Nd2 Be6 16. Ne4 Be7 17. Qd2 Qd7 18. Rad1 Rad8 19. Qc1 Nf6 20. Nc5 Bxc5
21. dxc5 Qe7 22. c4 Qxc5 23. Ba3 Rxd1 24. Rxd1 Qxc4 25. Qxc4 Bxc4 26. Bxf8 Kxf8
27. a3 Ke7 28. Rc1 Bb5 29. Rb1 b6 30. Rb4 Kd6 31. g4 g5 32. h4 h6 33. hxg5 hxg5
34. Kg2 a5 35. Rb3 Nd5 36. Bxd5 Kxd5 37. Rf3 Ke6 38. Rf5 f6 39. Rf3 c5 40. Rb3
Bc6+ 41. f3 b5 42. Kf2 b4 43. axb4 axb4 44. Ke3 Bd5 45. Rb2 b3 46. Kd3 Bxf3
47. Rxb3 c4+ 48. Kxc4 Bd5+ 49. Kc3 Bxb3 0-1

[Event "POHÁR města Říčany 2022"]
[Site "Městské kulturní středisko U labutě"]
[Date "2022.08.31"]
[Round "6.1"]
[White "Novotny, Michal"]
[Black "Vojta, Jakub"]
[Result "1/2-1/2"]
[WhiteElo "2241"]
[BlackElo "2313"]
[PlyCount "0"]
[EventDate "2022.08.27"]

1. e4 c5 2. Nf3 Nc6 3. Bb5 g6 4. O-O Bg7 5. Re1 e5 6. Bxc6 dxc6 7. d3 Qe7 8. a3
Nf6 9. b4 O-O 10. bxc5 Qxc5 11. a4 b5 12. Nbd2 Re8 13. Nb3 Qb6 14. Be3 Qc7
15. Qd2 Bf8 16. Reb1 a6 17. Bc5 Bg4 18. Bxf8 Kxf8 19. Qb4+ Kg7 20. Nfd2 a5
21. Qa3 Nd7 22. h3 b4 23. Qc1 Be6 24. c3 Qd6 25. cxb4 axb4 26. Qc2 Ra7 27. Rc1
Rea8 28. a5 Bxb3 29. Nxb3 Nf8 30. d4 Ne6 31. dxe5 Qxe5 32. Qxc6 1/2-1/2

[Event "POHÁR města Říčany 2022"]
[Site "Městské kulturní středisko U labutě"]
[Date "2022.08.31"]
[Round "6.2"]
[White "Dudek, Vojtech"]
[Black "Vetrovsky, Michal"]
[Result "1-0"]
[WhiteElo "2144"]
[BlackElo "2122"]
[PlyCount "0"]
[EventDate "2022.08.27"]

1. d4 Nf6 2. Bf4 d6 3. Nc3 g6 4. e4 Bg7 5. Qd2 h5 6. O-O-O c6 7. Nf3 Bg4 8. Be2
d5 9. h3 Bxf3 10. Bxf3 e6 11. g4 dxe4 12. Nxe4 Nxe4 13. Bxe4 Nd7 14. Bf3 h4
15. Rhe1 Nb6 16. Kb1 Nd5 17. Bh2 O-O 18. c4 Nb6 19. c5 Nd5 20. Bd6 Re8 21. Be4
b6 22. f4 bxc5 23. dxc5 Qd7 24. f5 exf5 25. gxf5 Rxe4 26. Rxe4 Qxf5 27. Qd3 Nf6
28. Rf4 Qxd3+ 29. Rxd3 Nd5 30. Rxh4 Re8 31. Kc2 a5 32. a3 Bf6 33. Ra4 Bd8 34. b4
axb4 35. Rxd5 b3+ 36. Kxb3 cxd5 37. Ra8 Kg7 38. c6 f5 39. Kc2 Re4 40. Rxd8 Rc4+
41. Kd3 Rxc6 42. Be5+ Kf7 43. Rxd5 Ke6 44. Rb5 g5 45. Bd4 g4 46. hxg4 fxg4
47. Rg5 Ra6 48. Rg6+ 1-0

[Event "POHÁR města Říčany 2022"]
[Site "Městské kulturní středisko U labutě"]
[Date "2022.08.31"]
[Round "6.3"]
[White "Placer, Sebastian"]
[Black "Soural, Jan"]
[Result "0-1"]
[WhiteElo "2090"]
[BlackElo "2144"]
[PlyCount "0"]
[EventDate "2022.08.27"]

1. d4 Nf6 2. c4 g6 3. Nc3 d5 4. Nf3 Bg7 5. h4 c6 6. cxd5 cxd5 7. Bf4 Nc6 8. e3
O-O 9. Qb3 e6 10. Rc1 Nh5 11. Bh2 f5 12. Ne2 Qa5+ 13. Rc3 f4 14. Qa3 Qd8
15. exf4 Bf6 16. Qb3 Be7 17. a3 Nf6 18. g3 Ne4 19. Rd3 Qa5+ 20. Nc3 b6 21. Qb5
Qxb5 22. Nxb5 Ba6 23. Rd1 Rfc8 24. Bd3 Na5 25. Ne5 Nc4 26. Nxc4 Bxb5 27. Ne5
Bxd3 28. Nxd3 Rc2 29. f3 Nd6 30. Rd2 Rac8 31. Kd1 Rxd2+ 32. Kxd2 Nf5 33. Rc1
Rxc1 34. Nxc1 Nxd4 35. Ke3 Nf5+ 36. Kd3 Bf6 37. b4 Bb2 38. Nb3 Bxa3 39. b5 Bc5
40. Nxc5 bxc5 41. Bg1 Nd6 42. Bxc5 Nxb5 43. Kc2 Kf7 44. Kb3 a6 45. Kb4 Ke8
46. Ka5 d4 47. Kxa6 d3 48. Be3 Nd4 0-1

[Event "POHÁR města Říčany 2022"]
[Site "Městské kulturní středisko U labutě"]
[Date "2022.08.31"]
[Round "6.4"]
[White "Horak, Martin"]
[Black "Novak, Jindrich"]
[Result "1-0"]
[WhiteElo "2238"]
[BlackElo "2093"]
[PlyCount "0"]
[EventDate "2022.08.27"]

1. e4 d6 2. d4 e5 3. Nf3 Nf6 4. Nc3 Nbd7 5. Rg1 c6 6. g4 Be7 7. g5 Nh5 8. Be3
g6 9. Qd2 Qa5 10. O-O-O b5 11. Kb1 a6 12. h4 Qc7 13. Nh2 Bb7 14. f4 exf4
15. Bxf4 O-O-O 16. Ng4 Nxf4 17. Qxf4 Rhf8 18. Bh3 Kb8 19. e5 Nb6 20. Ne4 Bc8
21. Qg3 Nd5 22. exd6 Bxd6 23. Nxd6 Qxd6 24. Ne5 Bxh3 25. Qxh3 Kc7 26. c4 bxc4
27. Nxc4 Qb4 28. Rc1 Kb7 29. Rg3 Ka7 30. Rb3 Qa4 31. Ne5 Ne7 32. Nd7 Rh8
33. Rb7+ Ka8 34. Nb6+ Kxb7 35. Nxa4 Rxd4 36. Qb3+ Kc8 37. Nc5 Kd8 38. Qb8+ Nc8
39. Qe5 1-0

[Event "POHÁR města Říčany 2022"]
[Site "Městské kulturní středisko U labutě"]
[Date "2022.08.31"]
[Round "6.5"]
[White "Matras, Ondrej"]
[Black "Krizek, Krystof"]
[Result "0-1"]
[WhiteElo "2184"]
[BlackElo "1961"]
[PlyCount "0"]
[EventDate "2022.08.27"]

1. d4 Nf6 2. c4 e6 3. Nc3 Bb4 4. Qc2 O-O 5. a3 Bxc3+ 6. Qxc3 d5 7. Nf3 dxc4
8. Qxc4 b6 9. Bg5 Ba6 10. Qc2 Nbd7 11. g3 c5 12. Bg2 Bb7 13. Rd1 h6 14. Bf4 Qe7
15. dxc5 Qxc5 16. Qxc5 Nxc5 17. O-O Rfd8 18. Bd6 Na4 19. Be5 Ng4 20. Bd4 Rac8
21. h3 Nf6 22. g4 Rc2 23. g5 hxg5 24. b3 Bxf3 25. Bxf3 Nc3 26. Bxc3 Rxd1
27. Rxd1 Rxc3 28. Rb1 Kf8 29. a4 Nd7 30. e3 Nc5 31. Bd1 Nd3 32. Kf1 Rc1 33. Rxc1
Nxc1 34. Ke1 Nd3+ 35. Ke2 Nb4 36. Kd2 Ke7 37. Kc3 Nd5+ 38. Kc4 Kd6 39. Bf3 Nc7
40. Bb7 Ke5 41. b4 f6 42. Bc6 Kf5 43. Bf3 Ke5 44. Bc6 Kd6 45. Bb7 Kd7 46. Bf3
Ke7 47. Bc6 Kf7 48. Bf3 Kg6 49. Bg4 f5 50. Bf3 Kf6 51. Bc6 Ke7 52. Bb7 Kd6
53. Bf3 Ne8 54. Bh5 Nc7 55. Bf3 g6 56. Bg2 Ke7 57. Bf3 Kd7 58. Bg2 Kd6 59. Bf3
e5 60. Bg2 e4 61. Bf1 Ke5 62. a5 f4 63. axb6 axb6 64. exf4+ gxf4 65. Be2 Nd5
66. Bg4 e3 67. Kd3 exf2 68. Ke2 Ne3 0-1

[Event "POHÁR města Říčany 2022"]
[Site "Městské kulturní středisko U labutě"]
[Date "2022.08.31"]
[Round "6.6"]
[White "Bezdek, Tomas"]
[Black "Sedy, Pavel"]
[Result "1-0"]
[WhiteElo "2034"]
[BlackElo "2177"]
[PlyCount "0"]
[EventDate "2022.08.27"]

1. e4 e6 2. d4 d5 3. Nc3 Nf6 4. Bg5 Be7 5. e5 Nfd7 6. Bxe7 Qxe7 7. f4 a6 8. Nf3
c5 9. Qd2 Nc6 10. dxc5 Nxc5 11. a3 O-O 12. Qe3 b5 13. b4 Nd7 14. Bd3 f6 15. Ne2
fxe5 16. fxe5 Ncxe5 17. Nxe5 Qf6 18. Qh3 Nxe5 19. Qxh7+ Kf7 20. Rf1 1-0

[Event "POHÁR města Říčany 2022"]
[Site "Městské kulturní středisko U labutě"]
[Date "2022.08.31"]
[Round "6.7"]
[White "Elias, Jakub"]
[Black "Horak, Jan"]
[Result "1/2-1/2"]
[WhiteElo "1982"]
[BlackElo "2155"]
[PlyCount "0"]
[EventDate "2022.08.27"]

1. e4 e6 2. d4 d5 3. Nd2 Nf6 4. e5 Nfd7 5. Bd3 c5 6. c3 Nc6 7. Ne2 Be7 8. Nf3
h6 9. h4 a6 10. h5 b6 11. Nf4 Qc7 12. Be3 Bb7 13. Qe2 c4 14. Bc2 O-O-O 15. Rg1
Nf8 16. g4 Nh7 17. Qd2 b5 18. a3 a5 19. Ne2 Rdg8 20. Ng3 Qd8 21. Nf1 Qb6 22. Bd1
f6 23. Bf4 Ng5 24. Nxg5 fxg5 25. Be3 Nd8 26. Ng3 Bc6 27. Kf1 Be8 28. Kg2 g6
29. Rh1 gxh5 30. Nxh5 a4 1/2-1/2

[Event "POHÁR města Říčany 2022"]
[Site "Městské kulturní středisko U labutě"]
[Date "2022.08.31"]
[Round "6.8"]
[White "Rousek, Jan"]
[Black "Ocelak, Jakub"]
[Result "0-1"]
[WhiteElo "2040"]
[BlackElo "2149"]
[PlyCount "0"]
[EventDate "2022.08.27"]

1. d4 f5 2. c4 Nf6 3. g3 g6 4. Bg2 Bg7 5. Nf3 O-O 6. O-O d6 7. Nc3 Nc6 8. b3 e5
9. dxe5 dxe5 10. Ba3 Re8 11. Qxd8 Rxd8 12. Rad1 e4 13. Rxd8+ Nxd8 14. Ng5 h6
15. Nh3 Be6 16. Nf4 Bf7 17. Rd1 c6 18. e3 Ng4 19. Be7 Bxc3 20. Rxd8+ Rxd8
21. Bxd8 g5 22. Ne2 Be1 23. Kf1 Bb4 24. h4 gxh4 25. Bxh4 Be6 26. Nd4 Bd7 27. Bh3
Kf7 28. Bxg4 fxg4 29. Bd8 Bd6 30. Ba5 Kg6 31. Ne2 Be8 32. Nf4+ Kf5 33. Bc3 Bf7
34. Bd4 b6 35. Bg7 Kg5 36. Bd4 h5 37. Ke2 Be7 38. Ng2 Kf5 39. Kd2 Bd6 40. Nf4
Bc7 41. Bg7 Bd8 42. Ng2 Bc7 43. Nf4 c5 44. Kc2 Bxf4 45. exf4 h4 46. gxh4 e3
47. Kd3 exf2 48. Ke2 g3 49. h5 Bxh5+ 50. Kf1 Ke4 51. Kg2 Be2 0-1

[Event "POHÁR města Říčany 2022"]
[Site "Městské kulturní středisko U labutě"]
[Date "2022.08.31"]
[Round "6.9"]
[White "Skypala, Ondrej"]
[Black "Novotny, Martin"]
[Result "1/2-1/2"]
[WhiteElo "2140"]
[BlackElo "2064"]
[PlyCount "0"]
[EventDate "2022.08.27"]

1. c4 e5 2. g3 Nf6 3. Bg2 d5 4. cxd5 Nxd5 5. Nc3 Nb6 6. Nf3 Nc6 7. O-O Be7
8. d3 O-O 9. a3 Re8 10. b4 Bf8 11. e4 Bg4 12. h3 Bxf3 13. Qxf3 a5 14. b5 Nd4
15. Qd1 a4 16. Be3 Qd7 17. Qg4 Qxg4 18. hxg4 Red8 19. Ra2 c6 20. bxc6 bxc6
21. Rb1 Nd7 22. f4 f6 23. g5 Nc5 24. gxf6 gxf6 25. fxe5 fxe5 26. Bf1 Rab8
27. Rb4 Rxb4 28. axb4 Na6 29. Rxa4 Nxb4 30. Ra5 Nbc2 31. Bxd4 Nxd4 32. Na4 Bb4
33. Ra6 Rf8 34. Bg2 Be1 35. Kh2 Ne2 36. Rxc6 Bxg3+ 37. Kh3 Rf4 38. Bf1 Rxf1
39. Rc2 Rh1+ 40. Kg4 Rh4+ 41. Kg5 Kf7 42. Rc7+ Ke6 43. Rc6+ Kd7 44. Ra6 Rh1
45. Nb6+ Kc7 46. Nd5+ Kb7 47. Rb6+ Ka7 48. Rb2 Bf4+ 49. Kf6 Nd4 50. Nxf4 exf4
51. Ke5 Nc6+ 52. Kxf4 Rh3 53. d4 Nxd4 54. Ke5 Nc6+ 55. Kd5 Ne7+ 56. Kd6 Ng6
57. e5 Rd3+ 58. Kc7 Rc3+ 59. Kd6 Re3 60. Rh2 Rd3+ 61. Kc7 Ka6 62. e6 Re3 63. Kd6
Nf4 64. e7 Ng6 65. Rxh7 1/2-1/2

[Event "POHÁR města Říčany 2022"]
[Site "Městské kulturní středisko U labutě"]
[Date "2022.08.31"]
[Round "6.10"]
[White "Rut, Vojtech"]
[Black "Siles, Jan"]
[Result "1/2-1/2"]
[WhiteElo "2111"]
[BlackElo "1780"]
[PlyCount "0"]
[EventDate "2022.08.27"]

1. d4 d5 2. Nf3 Nf6 3. Bf4 c5 4. e3 Nc6 5. Nbd2 e6 6. c3 Be7 7. Bd3 Nh5 8. Bg3
g6 9. a3 O-O 10. Qe2 Bd7 11. Ne5 Nxg3 12. hxg3 Nxe5 13. dxe5 Qb6 14. O-O-O Ba4
15. Bc2 Bxc2 16. Kxc2 Qc6 17. Qg4 f5 18. exf6 Bxf6 19. Nf3 b5 20. Rh6 Rab8
21. Rdh1 Rb7 22. Nh4 Bxh4 23. Qxh4 Qd7 24. f4 Qf7 25. Qg4 Qf6 26. R1h5 b4
27. axb4 cxb4 28. Re5 bxc3 29. bxc3 Rb6 30. Rg5 e5 31. f5 e4 32. Rhxg6+ hxg6
33. Rxg6+ Qxg6 34. fxg6 Rf2+ 35. Kc1 Rf1+ 36. Kc2 Rf2+ 1/2-1/2

[Event "POHÁR města Říčany 2022"]
[Site "Městské kulturní středisko U labutě"]
[Date "2022.08.31"]
[Round "6.11"]
[White "Svetly, Jiri"]
[Black "Taborsky, Rostislav"]
[Result "0-1"]
[WhiteElo "1825"]
[BlackElo "2192"]
[PlyCount "0"]
[EventDate "2022.08.27"]

1. d4 Nf6 2. c4 g6 3. Nc3 Bg7 4. e4 d6 5. Bg5 h6 6. Bf4 Nc6 7. d5 e5 8. Be3 Ne7
9. h3 O-O 10. Qd2 Kh7 11. g4 c6 12. Bd3 cxd5 13. cxd5 a6 14. a4 Qa5 15. Nge2 Bd7
16. b4 Qd8 17. a5 Nc8 18. O-O Ng8 19. Ng3 Bf6 20. Kg2 Bg5 21. f4 exf4 22. Bxf4
Kg7 23. Rae1 f6 24. Nce2 Na7 25. Nd4 Qe7 26. Nge2 Rac8 27. Nf3 Nb5 28. h4 Bxf4
29. Qxf4 g5 30. Qg3 Rc7 31. Rf2 Be8 32. Bxb5 axb5 33. Ned4 Rc4 34. Rb2 Bd7
35. Nf5+ Bxf5 36. exf5 Re4 37. Rbb1 Re8 38. Kh3 Qf7 39. Qxd6 h5 40. Rbc1 hxg4+
41. Kh2 gxf3 42. Rxe4 Rxe4 43. Rc7 Re7 44. Rxe7 Qxe7 45. Qxe7+ Nxe7 46. d6 Nc6
47. Kg3 g4 48. d7 Kh6 49. Kf2 Kh5 50. Kg3 Nd8 0-1

[Event "POHÁR města Říčany 2022"]
[Site "Městské kulturní středisko U labutě"]
[Date "2022.08.31"]
[Round "6.12"]
[White "Plasil, Petr"]
[Black "Skala, Jaromir"]
[Result "1-0"]
[WhiteElo "1963"]
[BlackElo "1862"]
[PlyCount "0"]
[EventDate "2022.08.27"]

1. d4 Nf6 2. c4 g6 3. Nc3 Bg7 4. e4 d6 5. Be2 O-O 6. Nf3 e5 7. O-O Nc6 8. d5
Ne7 9. Ne1 Nd7 10. Be3 f5 11. f3 f4 12. Bf2 g5 13. a4 Rf7 14. Nb5 a6 15. Na7 Nf6
16. Nxc8 Rxc8 17. c5 Ng6 18. cxd6 cxd6 19. a5 Bf8 20. Nd3 h5 21. Bb6 Qe7 22. Nf2
Nh4 23. Kh1 Nh7 24. Ra3 Qf6 25. b4 Qg7 26. Qd3 Nf6 27. h3 Qh7 28. Kg1 Qg6
29. Raa1 g4 30. fxg4 f3 31. Bxf3 hxg4 32. Bxg4 Nh5 33. Be3 Nf3+ 34. gxf3 Rxf3
35. Kh2 Rxe3 36. Qxe3 Bh6 37. Qf3 Bf4+ 38. Kg1 Rc2 39. Rfe1 Ng3 40. Ra3 Bd2
41. Rd1 Bf4 42. Be6+ Kh8 43. Qg4 Ne2+ 44. Kf1 Ng3+ 45. Rxg3 1-0

[Event "POHÁR města Říčany 2022"]
[Site "Městské kulturní středisko U labutě"]
[Date "2022.08.31"]
[Round "6.13"]
[White "Blumel, Otto"]
[Black "Zemen, Pavel"]
[Result "1/2-1/2"]
[WhiteElo "1907"]
[BlackElo "1731"]
[PlyCount "0"]
[EventDate "2022.08.27"]

1. e4 c5 2. Nf3 Nc6 3. d4 cxd4 4. Nxd4 g6 5. g3 Bg7 6. Ne2 Nf6 7. Bg2 O-O
8. Nbc3 d6 9. h3 Bd7 10. O-O Rc8 11. a4 a6 12. Nd5 Ne5 13. Ra2 Nc6 14. Qd2 Nxd5
15. exd5 Ne5 16. b3 Bxh3 17. Re1 Bxg2 18. Kxg2 Qc7 19. f4 Ng4 20. Nd4 Nf6 21. c4
Nh5 22. Re4 Qc5 23. Qf2 Rc7 24. Bb2 Nf6 25. Re1 1/2-1/2

[Event "POHÁR města Říčany 2022"]
[Site "Městské kulturní středisko U labutě"]
[Date "2022.08.31"]
[Round "6.14"]
[White "Hampl, David"]
[Black "Petrun, Milan"]
[Result "0-1"]
[WhiteElo "1639"]
[BlackElo "1880"]
[PlyCount "0"]
[EventDate "2022.08.27"]

1. d4 c5 2. d5 Nf6 3. Nc3 d6 4. e4 g6 5. Nf3 Bg7 6. Be3 O-O 7. Be2 Nbd7 8. O-O
Rb8 9. a4 b6 10. Nd2 e6 11. Nc4 exd5 12. exd5 Ne5 13. Bf4 Nxc4 14. Bxc4 Nh5
15. Be3 f5 16. f4 Re8 17. Qd2 Rxe3 18. Qxe3 Bd4 19. Rae1 Bxe3+ 20. Rxe3 Kf7
21. g3 Nf6 22. Rfe1 h6 23. h4 a6 24. Kg2 Qd7 25. h5 Nxh5 26. Re6 Qd8 27. Kf3 Nf6
28. R1e2 Qd7 29. Bb3 Bb7 30. Bc4 Re8 31. Kf2 Kg7 32. Kf1 Rxe6 33. Rxe6 h5
34. Kg1 Ne8 35. Nb5 Qd8 36. Nc3 Nc7 37. Re3 Qf6 38. Kh2 Kf7 39. Rd3 Bc8 40. Rd2
h4 41. Bf1 Bd7 42. Kg2 Qh8 43. g4 b5 44. g5 b4 45. Nd1 Bxa4 46. Be2 Bb5 47. Bf3
a5 48. c3 a4 49. Rc2 Na6 50. c4 b3 51. Rc3 Bd7 52. Rd3 Nb4 53. Rd2 Qa8 54. Nc3
a3 55. Rd1 a2 0-1

[Event "POHÁR města Říčany 2022"]
[Site "Městské kulturní středisko U labutě"]
[Date "2022.08.31"]
[Round "6.15"]
[White "Davidek, Zdenek"]
[Black "Benes, Jachym"]
[Result "1-0"]
[WhiteElo "1621"]
[BlackElo "1876"]
[PlyCount "0"]
[EventDate "2022.08.27"]

1. d4 f5 2. Nf3 g6 3. g3 Bg7 4. Bg2 Nf6 5. O-O O-O 6. c4 d6 7. Nc3 c6 8. Qc2
Qc7 9. Bg5 Nbd7 10. e4 h6 11. Bxf6 Nxf6 12. Rfe1 e5 13. dxe5 dxe5 14. Nh4 Nh7
15. Nxg6 Rf6 16. Nh4 f4 17. Nf5 Qf7 18. b3 Ng5 19. h4 Ne6 20. Ne2 Qh5 21. Qd3
Nc5 22. Qd8+ Rf8 23. Nxg7 Qf7 24. Qd6 Qxg7 25. Qxc5 f3 26. Bf1 fxe2 27. Rxe2 Bg4
28. Rd2 Bf3 29. Bg2 Bxg2 30. Kxg2 Rf4 31. Qe3 Rxh4 32. Rh1 Rf4 33. Rd6 Raf8
34. Rhxh6 Rg4 35. Qxa7 Qf7 36. Rdf6 Qxf6 37. Rxf6 Rxf6 38. Qxb7 Rxe4 39. Qc8+
Kf7 40. Qd7+ Kf8 41. Qd2 Ke7 42. a4 Ke6 43. a5 Rd4 44. Qe3 Rf7 45. a6 c5
46. Qh6+ Rf6 47. Qh8 Rd2 48. Qc8+ Kf7 49. Qxc5 Rxa6 50. Qxe5 Rf6 51. Qe3 Rb2
52. c5 Re6 53. Qd4 Rxb3 54. c6 Rxg3+ 55. Kxg3 Rxc6 1-0

[Event "POHÁR města Říčany 2022"]
[Site "Městské kulturní středisko U labutě"]
[Date "2022.08.31"]
[Round "6.16"]
[White "Jun, Rudolf"]
[Black "Pecka, Jan"]
[Result "1-0"]
[WhiteElo "2165"]
[BlackElo "1840"]
[PlyCount "0"]
[EventDate "2022.08.27"]

1. e4 c5 2. Nf3 Nc6 3. Bb5 g6 4. O-O Bg7 5. c3 e5 6. Bxc6 dxc6 7. d3 b6 8. Be3
Ba6 9. c4 Qd7 10. Qc2 O-O-O 11. Rd1 f5 12. Nc3 f4 13. Bc1 Kb8 14. a3 Qe7 15. b4
g5 16. bxc5 g4 17. Ne1 Qxc5 18. a4 Qd6 19. a5 Bb7 20. Ba3 Qf6 21. axb6 axb6
22. Rdb1 Ne7 23. Rxb6 Nc8 24. Rb3 f3 25. Rab1 Rd7 26. Na4 Bf8 27. Qb2 Qg7
28. Bxf8 Rxf8 29. Nc5 Rff7 30. Na6+ Ka8 31. Ra3 Na7 32. Qb6 1-0

[Event "POHÁR města Říčany 2022"]
[Site "Městské kulturní středisko U labutě"]
[Date "2022.08.31"]
[Round "6.17"]
[White "Simecek, Bohumil"]
[Black "Hlavacek, Ondrej"]
[Result "1/2-1/2"]
[WhiteElo "2051"]
[BlackElo "1831"]
[PlyCount "0"]
[EventDate "2022.08.27"]

1. e4 c5 2. Nf3 Nc6 3. d4 cxd4 4. Nxd4 g6 5. Nc3 Bg7 6. Be3 Nf6 7. Nb3 O-O
8. Be2 d6 9. O-O Be6 10. f4 Qc8 11. a3 Rd8 12. Qe1 a5 13. Bb6 Re8 14. Bb5 Nd7
15. Bxc6 Qxc6 16. Bf2 Bc4 17. Nd4 Qa6 18. Nd5 Rac8 19. Qd2 Bxf1 20. Rxf1 e5
21. Nb3 a4 22. Nc1 Qc4 23. f5 Qxe4 24. c3 Qxf5 25. Bh4 Qe6 26. Ne2 Rc4 27. Bg5
f5 {D�le je partie ne�iteln�} 1/2-1/2

[Event "POHÁR města Říčany 2022"]
[Site "Městské kulturní středisko U labutě"]
[Date "2022.08.31"]
[Round "6.18"]
[White "Strnadova, Monika"]
[Black "Steiner, Juraj"]
[Result "0-1"]
[WhiteElo "1564"]
[BlackElo "2005"]
[PlyCount "0"]
[EventDate "2022.08.27"]

1. e4 c5 2. Nf3 Nc6 3. d4 cxd4 4. Nxd4 g6 5. Nc3 Bg7 6. Be3 Nf6 7. Nb3 O-O
8. Be2 d6 9. O-O Be6 10. f4 Qc8 11. h3 Rd8 12. Qe1 a5 13. Bb6 Re8 14. Bb5 Nd7
15. Bxc6 Qxc6 16. Bf2 Bc4 17. Nd4 Qa6 18. Nd5 Rac8 19. Qd2 Bxf1 20. Rxf1 e5
21. Nb3 a4 22. Nc1 Qc4 23. f5 Qxe4 24. c3 Qxf5 25. Bh4 Qe6 26. Ne2 Rc4 27. Bg5
f5 28. b3 Rc5 29. c4 f4 30. Re1 Qf7 31. Qd3 b5 32. Qe4 bxc4 33. bxc4 Rcc8
34. Nec3 Nc5 35. Qf3 Ne6 36. Bh4 Rxc4 37. Qd3 Rd4 38. Qb5 g5 39. Bf2 Rd2 40. Ne4
Nd4 41. Ndf6+ Bxf6 42. Nxf6+ Qxf6 43. Qxe8+ Kg7 44. Qxa4 f3 45. Qb4 fxg2
46. Bxd4 Rxd4 47. Qb7+ Kh6 48. Qxg2 Qf4 49. Rf1 Qe3+ 50. Kh1 Rf4 51. Rd1 Rd4
52. Rf1 Kg6 53. Qc2+ Rd3 54. Rf2 Qxh3+ 55. Kg1 e4 56. Rg2 Qf3 57. Rd2 Qg4+
58. Kf1 Qf3+ 59. Kg1 Qg3+ 60. Kf1 Qe3 0-1

[Event "POHÁR města Říčany 2022"]
[Site "Městské kulturní středisko U labutě"]
[Date "2022.08.31"]
[Round "6.19"]
[White "Hejsek, Lukas"]
[Black "Bednar, Milos"]
[Result "1/2-1/2"]
[WhiteElo "1994"]
[BlackElo "1798"]
[PlyCount "0"]
[EventDate "2022.08.27"]

1. d4 Nf6 2. Nf3 g6 3. g3 Bg7 4. Bg2 d5 5. O-O O-O 6. c4 c6 7. Qb3 Qb6 8. Nc3
Bf5 9. Qxb6 axb6 10. cxd5 Nxd5 11. Nxd5 cxd5 12. Ne5 Nc6 13. Nxc6 bxc6 14. e3 e5
15. dxe5 Bxe5 16. f3 h5 17. Rf2 Ra7 18. a3 Re8 19. Bf1 Rae7 20. Be2 Bd6 21. g4
hxg4 22. fxg4 Bd7 23. b4 d4 24. Bb2 Rxe3 25. Bc4 Be6 26. Bxe6 R8xe6 27. Bxd4
Re1+ 28. Rxe1 Rxe1+ 29. Kg2 c5 1/2-1/2

[Event "POHÁR města Říčany 2022"]
[Site "Městské kulturní středisko U labutě"]
[Date "2022.08.31"]
[Round "6.20"]
[White "Seidl, Jan"]
[Black "Chmelik, Ladislav"]
[Result "1-0"]
[WhiteElo "1949"]
[BlackElo "1734"]
[PlyCount "0"]
[EventDate "2022.08.27"]

1. d4 d5 2. c4 c6 3. Nc3 Nf6 4. Nf3 Bg4 5. Ne5 Bf5 6. Qb3 Qb6 7. c5 Qxb3
8. axb3 Nfd7 9. g4 Bc2 10. Nxd7 Nxd7 11. b4 e5 12. e3 Be7 13. Be2 O-O 14. h4 a6
15. Kd2 exd4 16. exd4 Bb3 17. Ra3 Bc4 18. Bxc4 dxc4 19. d5 Nxc5 20. bxc5 Bxc5
21. dxc6 Bxa3 22. bxa3 b5 23. Kc2 Rac8 24. Nd5 Rfe8 25. c7 Re4 26. Bf4 Rce8
27. f3 Rd4 28. Rd1 Re2+ 29. Kc3 1-0

[Event "POHÁR města Říčany 2022"]
[Site "Městské kulturní středisko U labutě"]
[Date "2022.08.31"]
[Round "6.21"]
[White "Cervenka, Petr"]
[Black "Bara, Jan"]
[Result "1-0"]
[WhiteElo "1928"]
[BlackElo "1592"]
[PlyCount "0"]
[EventDate "2022.08.27"]

1. e4 c5 2. Nc3 Nc6 3. g3 g6 4. Bg2 Bg7 5. d3 e6 6. f4 Nge7 7. Nf3 O-O 8. Be3
Nd4 9. e5 Nec6 10. Ne4 Qb6 11. c3 Qxb2 12. cxd4 Qxg2 13. Nf2 cxd4 14. Bd2 d6
15. Rg1 Qxg1+ 16. Nxg1 dxe5 17. fxe5 Nxe5 18. Nf3 b6 19. Nxe5 Bxe5 20. Bh6 Bg7
21. Bxg7 Kxg7 22. Qf3 Rb8 23. Qf4 Bb7 24. Ng4 Rg8 25. Qe5+ 1-0

[Event "POHÁR města Říčany 2022"]
[Site "Městské kulturní středisko U labutě"]
[Date "2022.08.31"]
[Round "6.22"]
[White "Bartos, Vaclav"]
[Black "Tichy, Tomas"]
[Result "0-1"]
[WhiteElo "1889"]
[BlackElo "1535"]
[PlyCount "0"]
[EventDate "2022.08.27"]

1. Nf3 c5 2. g3 Nf6 3. Bg2 g6 4. d4 cxd4 5. Nxd4 Bg7 6. O-O Nc6 7. Nc3 O-O
8. b3 d5 9. Nxc6 bxc6 10. Rb1 Bf5 11. Bb2 e5 12. e3 Qd7 13. Ne2 Rfe8 14. Re1
Rad8 15. Rc1 Be4 16. f3 Bf5 17. g4 Be6 18. Bxe5 Nxg4 19. Bxg7 Nxe3 20. Qd4 Nf5
21. Qc5 Nxg7 22. Nd4 Rc8 23. Re2 Nf5 24. Rce1 Nxd4 25. Qxd4 c5 26. Qd2 d4 27. f4
Bg4 28. Re5 f6 29. Rd5 Rxe1+ 30. Qxe1 Re8 31. Qa5 Qe7 32. h3 Qe3+ 33. Kh1 Qc1+
34. Kh2 Qxf4+ 35. Kh1 Bf3 36. Rd8 Bxg2+ 37. Kxg2 Qe4+ 38. Kg1 Qe3+ 39. Kg2 Qe2+
40. Kg3 Rxd8 41. Qxd8+ Kf7 42. Qd5+ Qe6 43. Qxc5 Qe5+ 44. Qxe5 fxe5 45. Kf3 Kf6
46. Ke4 g5 47. b4 h5 48. b5 g4 49. hxg4 hxg4 50. Kd3 g3 51. Ke2 e4 0-1

[Event "POHÁR města Říčany 2022"]
[Site "Městské kulturní středisko U labutě"]
[Date "2022.08.31"]
[Round "6.23"]
[White "Mrazek, Adam"]
[Black "Maslo, Ondrej"]
[Result "0-1"]
[WhiteElo "1546"]
[BlackElo "1870"]
[PlyCount "0"]
[EventDate "2022.08.27"]

1. Nf3 g6 2. d4 Bg7 3. c4 c5 4. Nc3 cxd4 5. Nxd4 Qb6 6. Nf3 Nf6 7. e4 Nc6
8. Be2 O-O 9. O-O d6 10. Rb1 Rd8 11. Be3 Qa5 12. Nd4 e6 13. f3 d5 14. cxd5 exd5
15. exd5 Nxd5 16. Nxc6 bxc6 17. Nxd5 cxd5 18. Bd4 Bxd4+ 19. Qxd4 Qxa2 20. Qb4
Ba6 21. Ra1 Qxa1 22. Rxa1 Bxe2 23. Qd2 Bc4 24. Qc3 Rdb8 25. Ra3 a6 26. b3 Bb5
27. Qd4 Rd8 28. Ra1 Rd7 29. Re1 Rad8 30. Kf2 Rc8 31. Re3 Rcd8 32. Kg3 h6 33. h4
f6 34. Re6 Rf8 35. Kh2 Kg7 36. g4 Kh7 37. h5 gxh5 38. gxh5 Kg7 39. f4 Kh7 40. f5
Kg7 41. Qg4+ Kh8 42. Qg6 d4 43. Qxh6+ Kg8 44. Re4 Rg7 45. Rxd4 Bc6 46. Rd2 Rg5
47. Re2 Bf3 48. Rg2 Rxg2+ 49. Kh3 Rg5 0-1